東京都の一級・二級水系 - Statistics

General Stats
  • This quiz has been taken 37 times
  • The average score is 4 of 14
Answer Stats
Hint Answer % Correct
一級 荒川
97%
一級 多摩川
94%
二級 目黒川
56%
一級 利根川
38%
一級 鶴見川
26%
二級 呑川
24%
二級 境川
12%
二級 立会川
9%
二級 築地川
6%
二級 古川
6%
二級 汐留川
3%
二級 越中島川
0%
二級 内川
0%
二級 八ッ瀬川
0%
No matching quizzes found
Score Distribution
Percent of People with Each Score
Percentile by Number Answered
Your Score History
You have not taken this quiz